| 000 | 01015nam a22002417a 4500 | ||
|---|---|---|---|
| 005 | 20100730161731.0 | ||
| 010 | _aENG-97331 | ||
| 020 |
_a8185835586 _c750.00 |
||
| 035 | _aEN-80864 | ||
| 037 | _bDBAD/PUB | ||
| 082 | _a304.60954 | ||
| 100 |
_aKrishan, Gopal _92833 |
||
| 245 |
_aPopulation research centres in India : _ban annotated bibliography and abstracts of research 2001-2007 / _cby Gopal Krishan, Pawan Kumar Sharma [and] Manisha Bhatia. |
||
| 260 |
_aChandigarh _bCentre for Research in Rural and Industrial Development _c2010 |
||
| 270 |
_a2-A, Sector 19-A, Madhya Marg _bChandigarh _e160019 |
||
| 300 |
_axxvi, 654p.: _bill. _c25cm, (Hb) _emap |
||
| 500 | _aincludes index | ||
| 650 |
_aPopulation Research _zIndia _92834 |
||
| 700 |
_aSharma, Pawan Kumar _92835 |
||
| 700 |
_aBhatia, Manisha _92836 |
||
| 942 |
_2ddc _cEN _h304.60954 _mKRI |
||
| 999 |
_c38329 _d38329 |
||